[Event "FICGS W-ch st1 g09 email"]
[Site "FICGS email"]
[Date "2014.11.01"]
[Round "1"]
[White "Todd, Daniel"]
[Black "Sorcinelli, Andrea"]
[Result "0-1"]
[WhiteElo "1358"]
[BlackElo "1993"]
[PlyCount "30"]
[EventDate "2014.??.??"]
[EventType "tourn (corr)"]
[EventRounds "8"]
[SourceTitle "Corr 2022"]
[Source "ChessBase"]
[SourceDate "2021.10.24"]
[SourceVersion "1"]
[SourceVersionDate "2021.10.24"]
[SourceQuality "1"]

1. e4 e6 2. b3 d5 3. Bb2 dxe4 4. Nc3 Nf6 5. Qe2 Be7 6. 0-0-0 0-0 7. g4 Nc6 8. g5 Nd4 9. Qe1 Nh5 10. h4 c5 11. Nxe4 e5 12. Qe3 Qc7 13. Ne2 Be6 14. Kb1 a5 15. a4 b5 0-1

[Event "FICGS class E 000175 email"]
[Site "FICGS email"]
[Date "2014.10.13"]
[Round "1"]
[White "Todd, Daniel"]
[Black "Piantadosi, Angelo"]
[Result "0-1"]
[WhiteElo "1358"]
[BlackElo "1371"]
[PlyCount "32"]
[EventDate "2014.??.??"]
[EventType "tourn (corr)"]
[EventRounds "5"]
[SourceTitle "Corr 2022"]
[Source "ChessBase"]
[SourceDate "2021.10.24"]
[SourceVersion "1"]
[SourceVersionDate "2021.10.24"]
[SourceQuality "1"]

1. e4 Nf6 2. Nc3 d5 3. e5 d4 4. Nce2 Nfd7 5. Nxd4 Nxe5 6. Ngf3 Nxf3+ 7. Nxf3 Bg4 8. d4 e6 9. Be2 c5 10. Be3 Nc6 11. dxc5 Qa5+ 12. Qd2 Qxd2+ 13. Nxd2 Bxe2 14. Kxe2 Rc8 15. c3 Ne5 16. b4 Be7 0-1

[Event "FICGS class E 000175 email"]
[Site "FICGS email"]
[Date "2014.10.13"]
[Round "1"]
[White "Todd, Daniel"]
[Black "Stoyanov, Zdravko"]
[Result "0-1"]
[WhiteElo "1358"]
[BlackElo "1236"]
[PlyCount "36"]
[EventDate "2014.??.??"]
[EventType "tourn (corr)"]
[EventRounds "5"]
[SourceTitle "Corr 2022"]
[Source "ChessBase"]
[SourceDate "2021.10.24"]
[SourceVersion "1"]
[SourceVersionDate "2021.10.24"]
[SourceQuality "1"]

1. e4 c5 2. d4 cxd4 3. c3 dxc3 4. Nxc3 Nc6 5. Nf3 a6 6. Bc4 e6 7. 0-0 h6 8. Qe2 Bc5 9. e5 Nge7 10. Ne4 b6 11. Be3 Bxe3 12. Nd6+ Kf8 13. Qxe3 b5 14. Bd3 Nd5 15. Qe4 f5 16. Nxf5 Ncb4 17. Nd6 Ke7 18. Qh4+ g5 0-1

[Event "IECC KO-1067"]
[Site "IECC email"]
[Date "2007.02.22"]
[Round "?"]
[White "Agnew, George Hartwell"]
[Black "Todd, Daniel"]
[Result "0-1"]
[WhiteElo "1027"]
[BlackElo "1222"]
[PlyCount "77"]
[EventDate "2007.??.??"]
[EventType "match (corr)"]
[EventRounds "2"]
[SourceTitle "Corr 2008"]
[Source "ChessBase"]
[SourceDate "2008.06.24"]
[SourceVersion "1"]
[SourceVersionDate "2008.06.24"]
[SourceQuality "1"]
[WhiteTeam "US of America"]
[BlackTeam "US of America"]
[WhiteTeamCountry "USA"]
[BlackTeamCountry "USA"]

1. e4 Nf6 2. e5 Ne4 3. d3 Nc5 4. d4 Ne6 5. Nf3 d6 6. d5 Nc5 7. Nc3 Bg4 8. Be2 Nbd7 9. exd6 exd6 10. 0-0 Be7 11. Bb5 0-0 12. Be3 Bf6 13. Bxc5 Nxc5 14. h3 Bh5 15. g4 Bg6 16. Qd2 Ne4 17. Nxe4 Bxe4 18. Qe2 Bxd5 19. c4 Bxf3 20. Qxf3 c6 21. Ba4 Qa5 22. Qb3 Rab8 23. Qd1 Bxb2 24. Rb1 Be5 25. Bb3 b5 26. Kg2 bxc4 27. Bxc4 d5 28. Bb3 Rfe8 29. Qc2 Qc7 30. Bxd5 cxd5 31. Rxb8 Rxb8 32. Qd2 Qc6 33. Qe3 d4+ 34. Qf3 Qxf3+ 35. Kxf3 f6 36. Ke4 g5 37. a4 Rb4 38. Ra1 d3+ 39. Kxd3 0-1

[Event "IECG QD.2006.0.00086"]
[Site "IECG email"]
[Date "2006.02.26"]
[Round "2.2"]
[White "Huber, Martin"]
[Black "Todd, Daniel"]
[Result "1-0"]
[WhiteElo "1578"]
[BlackElo "1443"]
[PlyCount "37"]
[EventDate "2006.02.26"]
[EventType "tourn (corr)"]
[EventRounds "2"]
[SourceTitle "Corr 2008"]
[Source "ChessBase"]
[SourceDate "2008.06.24"]
[SourceVersion "1"]
[SourceVersionDate "2008.06.24"]
[SourceQuality "1"]

1. e4 Nf6 2. e5 Nd5 3. d4 d6 4. Nf3 dxe5 5. Nxe5 Nd7 6. Nxf7 Kxf7 7. Qh5+ Ke6 8. c4 N5f6 9. d5+ Kd6 10. Qf7 Ne5 11. Bf4 c5 12. Nc3 a6 13. b4 Qb6 14. Rc1 g5 15. Bg3 Qxb4 16. Bd3 h5 17. 0-0 h4 18. Bxe5+ Kxe5 19. Qg6 1-0

[Event "IECG QD.2006.0.00086"]
[Site "IECG email"]
[Date "2006.02.26"]
[Round "2.3"]
[White "Todd, Daniel"]
[Black "Faber, Henri"]
[Result "1-0"]
[WhiteElo "1443"]
[BlackElo "1500"]
[PlyCount "25"]
[EventDate "2006.02.26"]
[EventType "tourn (corr)"]
[EventRounds "2"]
[SourceTitle "Corr 2024"]
[Source "ChessBase"]
[SourceDate "2023.10.19"]
[SourceVersion "1"]
[SourceVersionDate "2023.10.19"]
[SourceQuality "1"]

1. e4 e5 2. Nf3 Nc6 3. Nc3 Nf6 4. Nxe5 Nxe5 5. d4 Ng6 6. e5 Ng8 7. Bc4 d5 8. Bxd5 c6 9. Bb3 Be6 10. Bxe6 fxe6 11. Qg4 Qd7 12. Bg5 Bb4 13. 0-0-0 1-0